The Cambridge University List of Members up to 31 July 1998 : (Record no. 620005)

MARC details
000 -LEADER
fixed length control field 00552nam a2200193 a 4500
008 - FIXED-LENGTH DATA ELEMENTS--GENERAL INFORMATION
fixed length control field 260427s2000##################000#0#eng##
020 ## - INTERNATIONAL STANDARD BOOK NUMBER
ISBN 9780521777544
082 04 - DEWEY DECIMAL CLASSIFICATION NUMBER
Classification number 378.4259
Item number CAM
100 1# - MAIN ENTRY--AUTHOR NAME
Personal name Cambridge, University of,
245 10 - TITLE STATEMENT
Title The Cambridge University List of Members up to 31 July 1998 :
260 ## - PUBLICATION, DISTRIBUTION, ETC. (IMPRINT)
Name of publisher Cambridge University Press,
Year of publication 2000.
300 ## - PHYSICAL DESCRIPTION
Number of Pages 900 pages
650 #0 - SUBJECT ADDED ENTRY--TOPICAL TERM
Topical Term Reference.
942 ## - ADDED ENTRY ELEMENTS (KOHA)
Koha item type English Books
Holdings
Withdrawn status Lost status Damaged status Not for loan Home library Current library Shelving location Date acquired Full call number Accession Number Price effective from Koha item type
        Anna Centenary Library Anna Centenary Library 4TH FLOOR, B WING 27.04.2026 378.4259 CAM 245951 27.04.2026 English Books

Find us on the map